Vista normal
Vista MARC
Entrada Topical Term
Número de registros utilizados en: 1
001 - CONTROL NUMBER
- control field: 62242
003 - CONTROL NUMBER IDENTIFIER
- control field: OSt
005 - DATE AND TIME OF LATEST TRANSACTION
- control field: 20250814161501.0
008 - FIXED-LENGTH DATA ELEMENTS
- fixed length control field: 250814|| aca||aabn | a|a d
040 ## - CATALOGING SOURCE
- Original cataloging agency: OSt
- Transcribing agency: OSt
150 ## - HEADING--TOPICAL TERM
- Topical term or geographic name entry element: Leyendas
- General subdivision: historia y crítica
- Form subdivision: literatura juvenil
670 ## - SOURCE DATA FOUND
- Source citation: Work cat.: (OSt)58018: Gutiérrez Gracia, Luz Myriam aut 62241, Dragones, jaguares, diosecillos y otros fantasmas :